[Event "AUTO-INT-252"]
[Site "http://www.queenalice.com/game.php?id=132325"]
[Date "2006.11.22"]
[Round "1"]
[White "Ken2006"]
[Black "mazzini"]
[Result "1-0"]
[WhiteElo "1665"]
[BlackElo "1610"]

1. d4 d5 2. e3 a6 3. Nf3 Nc6 4. Be2 Nf6 5. O-O e6 6. b3 Bd6 7. Bb2 O-O 8. Nbd2
Re8 9. c4 h6 10. cxd5 Nxd5 11. a3 e5 12. Bc4 Be6 13. dxe5 Bc5 14. Ne4 Bb6 15.
Qd2 Na5 16. Qc2 Bf5 17. Bxd5 Qxd5 18. Nfd2 Bxe4 19. Nxe4 Nxb3 20. Rad1 Qe6 21.
Rd3 Na5 22. Nc5 Qc6 23. Rc3 Bxc5 24. Rxc5 Qb6 25. Qc3 Nc6 26. e6 f6 27. Rc1 Rxe6
28. h3 Rd8 29. Qc4 Kf7 30. Bc3 Rd7 31. Bb4 Rd6 32. Bc3 Rd7 33. a4 a5 34. Rb5 Qa6
35. Bd4 Nxd4 36. exd4 c6 37. Rb3 Qxc4 38. Rxc4 Ke7 39. Re3 Rxe3 40. fxe3 Ke6 41.
Kf2 Kd5 42. Rc5+ Ke4 43. Rxa5 g5 44. g4 Rd5 45. Ra7 b5 46. Ra6 b4 47. Rb6 c5 48.
dxc5 Rd2+ 49. Kg3 Kxe3 50. Rxb4 Rd3 51. Rc4 Ke2+ 52. Kg2 Ke3 53. c6 Rd8 54. a5
Kd3 55. c7 Rc8 56. Rc6 1-0

[Event "AUTO-INT-252"]
[Site "http://www.queenalice.com/game.php?id=132338"]
[Date "2006.11.22"]
[Round "1"]
[White "MadScot"]
[Black "Ken2006"]
[Result "0-1"]
[WhiteElo "1756"]
[BlackElo "1523"]

1. d4 g6 2. e4 Bg7 3. c4 e6 4. Nc3 b6 5. Nf3 Bb7 6. Bd3 Ne7 7. O-O O-O 8. Bg5 h6
9. Bh4 g5 10. Bg3 d5 11. cxd5 exd5 12. exd5 Nxd5 13. Nxd5 Bxd5 14. Re1 Nd7 15.
b3 Bxf3 16. Qxf3 Bxd4 17. Rad1 Qf6 18. Qe4 Qg7 19. Bxc7 Nc5 20. Qg4 Nxd3 21.
Rxd3 Rfe8 22. Rxe8+ Rxe8 23. h3 Re1+ 24. Kh2 Be5+ 25. Bxe5 Qxe5+ 26. g3 Re2 27.
Rd8+ Kg7 28. Kg2 Rxa2 29. Qc8 Qe4+ 0-1

[Event "AUTO-INT-252"]
[Site "http://www.queenalice.com/game.php?id=132339"]
[Date "2006.11.22"]
[Round "1"]
[White "Ken2006"]
[Black "MadScot"]
[Result "1-0"]
[WhiteElo "1541"]
[BlackElo "1835"]

1. d4 d5 2. e3 Nf6 3. Nf3 Bg4 4. Be2 Nc6 5. O-O Bxf3 6. Bxf3 g6 7. b3 Bg7 8. Bb2
O-O 9. Nd2 Qd6 10. c4 e6 11. cxd5 exd5 12. Qc1 Rae8 13. Ba3 Nb4 14. Bxb4 Qxb4
15. a3 Qd6 16. b4 Ne4 17. Qc2 Ng5 18. Rfc1 Nxf3+ 19. Nxf3 c6 20. Qc5 Qxc5 21.
Rxc5 Re6 22. a4 b6 23. Rc2 Rc8 24. Rac1 a6 25. b5 axb5 26. axb5 c5 27. dxc5 bxc5
28. Rxc5 Rxc5 29. Rxc5 Rb6 30. Rc8+ Bf8 31. Nd4 Kg7 32. g3 Ba3 33. Rd8 Bb2 34.
Rxd5 Kf8 35. Nc6 f5 36. Rd8+ Kf7 37. Rd7+ Kg8 38. Rd8+ Kg7 39. Rb8 Rxb8 40. Nxb8
Be5 41. Nd7 Bd6 42. b6 Kf7 43. b7 Ke7 44. b8=N Bxb8 45. Nxb8 Kf6 46. Nc6 Ke6 47.
h4 Kd6 48. Nd4 Ke5 49. Nf3+ Kf6 50. Kg2 h6 51. Nd4 g5 52. hxg5+ hxg5 53. Kf3 Ke5
54. g4 fxg4+ 55. Kxg4 Kf6 56. f4 gxf4 57. exf4 Kg6 58. f5+ Kf6 59. Ne6 Ke7 60.
Kg5 Kf7 61. Kh6 Kf6 62. Ng7 Kf7 63. Nh5 Kg8 64. Kg6 Kh8 65. Kf7 Kh7 66. f6 Kh6
67. Ng7 Kh7 68. Ke7 1-0

[Event "AUTO-INT-252"]
[Site "http://www.queenalice.com/game.php?id=132346"]
[Date "2006.11.22"]
[Round "1"]
[White "Archer"]
[Black "Ken2006"]
[Result "0-1"]
[WhiteElo "1537"]
[BlackElo "1649"]

1. e4 b6 2. b4 Bb7 3. Nc3 g6 4. Bc4 e6 5. Nf3 Bg7 6. Bb2 Ne7 7. O-O d5 8. exd5
Bxd5 9. Bxd5 Nxd5 10. Nb5 Bxb2 11. Rb1 Qd7 12. c4 Nxb4 13. Rxb2 Nd3 14. Rb3 Nc5
15. Ne5 Qe7 16. Rf3 O-O 17. d4 Ncd7 18. Re1 Nxe5 19. dxe5 a6 20. Qa4 Rd8 21. Nc3
Nd7 22. g4 Nc5 23. Qa3 Rd7 24. h3 Rad8 25. Rfe3 a5 26. Qc1 Nd3 27. Rxd3 Rxd3 28.
Nb5 Rxh3 29. g5 Qc5 30. Na7 Rg3+ 31. Kf1 Rh3 32. Kg2 Rdd3 33. Qf4 Rd4 34. Qc1
Rxc4 35. Qd2 Rch4 36. Rc1 Rh2+ 37. Kf3 R4h3+ 38. Ke2 Qxf2+ 0-1

[Event "AUTO-INT-252"]
[Site "http://www.queenalice.com/game.php?id=132347"]
[Date "2006.11.22"]
[Round "1"]
[White "Ken2006"]
[Black "Archer"]
[Result "1-0"]
[WhiteElo "1683"]
[BlackElo "1524"]

1. d4 e6 2. e3 d5 3. Nf3 f5 4. Be2 Qf6 5. O-O Nc6 6. Bb5 Bd7 7. Bxc6 Bxc6 8. b3
O-O-O 9. Bb2 Nh6 10. h3 f4 11. Ne5 Nf5 12. exf4 g5 13. fxg5 Qxg5 14. Nf7 Qf4 15.
Nxh8 Nh4 16. Qg4 Bd6 17. Qxf4 Bxf4 18. Nf7 Rf8 19. Ne5 Rg8 20. g4 Be8 21. Na3 h5
22. Bc1 Bxe5 23. dxe5 b5 24. f4 hxg4 25. hxg4 Rxg4+ 26. Kf2 c5 27. c4 bxc4 28.
bxc4 d4 29. Nc2 Bc6 30. Ne1 a5 31. Rg1 Rxg1 32. Kxg1 Kd7 33. Ba3 Be4 34. Bxc5 d3
35. Rd1 Kc6 36. Bf2 Nf5 37. Nxd3 Bf3 38. Rd2 a4 39. Rb2 Bh5 40. a3 Be8 41. Rb6+
Kd7 42. Ra6 Ke7 43. Nc5 Kf7 44. Nxe6 Ne7 45. Nc5 Nf5 46. Rf6+ Ke7 47. Rxf5 Bd7
48. Nxd7 Kxd7 49. Rf6 Ke7 50. Rd6 Ke8 51. c5 Kf7 52. c6 Kg7 53. c7 Kf7 54. c8=Q
Kg7 55. Qc7+ Kf8 56. Rd8# 1-0

[Event "Let's Play Chess!"]
[Site "http://www.queenalice.com/game.php?id=145406"]
[Date "2006.12.23"]
[Round "-"]
[White "Ken2006"]
[Black "CampbellMarcel"]
[Result "1-0"]
[WhiteElo "1560"]
[BlackElo "400"]

1. d4 d5 2. e3 Nc6 3. Bb5 Nf6 4. Bxc6+ bxc6 5. Nf3 Ba6 6. b3 e6 7. Ne5 Bd6 8.
Nxc6 Qd7 9. Ne5 Bxe5 10. dxe5 Ne4 11. Bb2 O-O 12. Nd2 Nxd2 13. Qxd2 Rad8 14.
O-O-O c5 15. Qa5 1-0

[Event "AUTO-OPEN-274"]
[Site "http://www.queenalice.com/game.php?id=180175"]
[Date "2007.3.11"]
[Round "2"]
[White "aarongale"]
[Black "Ken2006"]
[Result "0-1"]
[WhiteElo "1674"]
[BlackElo "1764"]

1. e4 b6 2. d4 Bb7 3. d5 e6 4. c4 exd5 5. cxd5 g6 6. Qf3 Bg7 7. Bc4 d6 8. Na3
Ba6 9. Nh3 Bxc4 10. Nxc4 Ne7 11. Ng5 O-O 12. Qh3 h6 13. Nf3 Nd7 14. Bxh6 f6 15.
Bd2 Ne5 16. Ncxe5 dxe5 17. O-O Qe8 18. Qe6+ Qf7 19. Qd7 Rac8 20. Bb4 Rfe8 21.
Rac1 Rcd8 22. Qxc7 Rc8 23. Qxa7 Rxc1 24. Rxc1 Rc8 25. Rxc8+ Nxc8 26. Qb8 Qd7 27.
b3 Kh7 28. Nd2 Qb5 29. Qxc8 Qxb4 30. Nf3 Qxe4 31. h3 Qxd5 32. Qc7 Qd1+ 33. Kh2
Qe2 34. Qxb6 Qxa2 35. b4 Qc4 36. b5 e4 37. Qc6 Qa4 38. Qd5 exf3 39. gxf3 Qf4+
40. Kg2 Qg5+ 41. Qxg5 fxg5 42. Kg3 Bd4 43. Kg2 Kh6 44. Kg3 Kh5 45. f4 gxf4+ 46.
Kxf4 Bxf2 47. Ke4 Kh4 0-1

[Event "AUTO-OPEN-274"]
[Site "http://www.queenalice.com/game.php?id=180176"]
[Date "2007.3.11"]
[Round "2"]
[White "Ken2006"]
[Black "aarongale"]
[Result "1-0"]
[WhiteElo "1695"]
[BlackElo "1728"]

1. d4 g6 2. Nf3 Bg7 3. e3 c5 4. b3 Nc6 5. Bb2 Nf6 6. dxc5 Qa5+ 7. Nbd2 Qxc5 8.
a3 O-O 9. Bd3 d6 10. O-O e5 11. b4 Qb6 12. Nc4 Qd8 13. b5 e4 14. Bxe4 Nxe4 15.
Bxg7 Kxg7 16. bxc6 bxc6 17. Qd4+ Nf6 18. Nxd6 Qc7 19. Nxc8 Rfxc8 20. h3 Rd8 21.
Qc4 Rab8 22. Rfd1 Rd6 23. Rd3 Rbd8 24. Rad1 R8d7 25. Rxd6 Rxd6 26. Rxd6 Qxd6 27.
a4 Nd7 28. Qd4+ Qxd4 29. Nxd4 c5 30. Nc6 a6 31. Kf1 Kf6 32. Ke2 h6 33. Kd3 Ke6
34. Kc4 Kd6 35. Nd8 Nb6+ 36. Kb3 Ke7 37. Nb7 Kd7 38. Nxc5+ Kc6 39. Nxa6 f5 40.
c4 1-0

[Event "AUTO-INT-252"]
[Site "http://www.queenalice.com/game.php?id=232410"]
[Date "2007.6.29"]
[Round "2"]
[White "csadler"]
[Black "Ken2006"]
[Result "0-1"]
[WhiteElo "1835"]
[BlackElo "1716"]

1. d4 b6 2. Nf3 Bb7 3. c4 e6 4. a3 d5 5. Nc3 dxc4 6. e4 Ba6 7. b3 cxb3 8. Bxa6
Nxa6 9. Qxb3 Nb8 10. O-O Ne7 11. Bf4 Ng6 12. Bg3 c5 13. dxc5 Bxc5 14. Rad1 Qe7
15. Nb5 O-O 16. a4 Na6 17. Nd6 Rfd8 18. Nb7 Qxb7 0-1

[Event "AUTO-INT-252"]
[Site "http://www.queenalice.com/game.php?id=232411"]
[Date "2007.6.29"]
[Round "2"]
[White "Ken2006"]
[Black "csadler"]
[Result "1-0"]
[WhiteElo "1739"]
[BlackElo "1728"]

1. d4 f5 2. Nf3 Nf6 3. e3 g6 4. Be2 Bg7 5. O-O O-O 6. b3 b6 7. Bb2 Bb7 8. Nbd2
d6 9. Ng5 Re8 10. Bb5 c6 11. Bd3 e5 12. dxe5 dxe5 13. Bc4+ Kf8 14. Ne6+ Rxe6 15.
Bxe6 Nbd7 16. Bxd7 Nxd7 17. Rb1 c5 18. Nc4 Qg5 19. f3 b5 20. Qxd7 Bxf3 21. Rxf3
1-0

[Event "AUTO-INT-252"]
[Site "http://www.queenalice.com/game.php?id=232414"]
[Date "2007.6.29"]
[Round "2"]
[White "Ken2006"]
[Black "J_Ricardo"]
[Result "1-0"]
[WhiteElo "1760"]
[BlackElo "1455"]

1. d4 d5 2. Nf3 e6 3. e3 b6 4. Be2 Qd6 5. O-O Nf6 6. b3 Bb7 7. Ba3 Qd7 8. Ne5
Qe7 9. Bxe7 Bxe7 10. Bb5+ c6 11. Be2 O-O 12. Nd2 Bd6 13. Ng4 Nxg4 14. Bxg4 Nd7
15. c4 dxc4 16. Nxc4 b5 17. Nxd6 Ba6 18. Qc2 b4 19. Rfc1 Nb8 20. Qe4 Rd8 21. Qf4
Rd7 22. Bf3 h6 23. Bxc6 Nxc6 24. Rxc6 Bb7 25. Nxb7 Rxb7 26. Rac1 Rbb8 27. Rc7
Rf8 28. Rb7 a6 29. Rcc7 a5 30. Rxf7 Rfe8 31. Rxg7+ Kh8 32. Qxh6# 1-0

[Event "AUTO-INT-252"]
[Site "http://www.queenalice.com/game.php?id=232415"]
[Date "2007.6.29"]
[Round "2"]
[White "J_Ricardo"]
[Black "Ken2006"]
[Result "0-1"]
[WhiteElo "1445"]
[BlackElo "1756"]

1. e4 g6 2. d4 Bg7 3. e5 e6 4. Bd3 b6 5. Be4 c6 6. b4 Bb7 7. Nc3 Ne7 8. Nf3 Nd5
9. Nxd5 cxd5 10. Bd3 d6 11. Bf4 dxe5 12. dxe5 O-O 13. Qd2 Nd7 14. Qe2 a5 15. Ng5
h6 16. Nh3 axb4 17. O-O Nc5 18. Qg4 Nxd3 19. cxd3 d4 20. Rfb1 Qd5 21. Rxb4 Rxa2
22. Rxa2 Qxa2 23. g3 Qa1+ 24. Bc1 Qxc1+ 25. Qd1 Qxd1# 0-1

[Event "AUTO-ADV-671"]
[Site "http://www.queenalice.com/game.php?id=282145"]
[Date "2007.10.6"]
[Round "1"]
[White "Ken2006"]
[Black "uri65"]
[Result "1-0"]
[WhiteElo "1811"]
[BlackElo "1852"]

1. d4 f5 2. e3 Nf6 3. Be2 g6 4. Nf3 Bg7 5. O-O O-O 6. b3 d5 7. c4 e6 8. Bb2 Nc6
9. Nbd2 Ne4 10. Nxe4 fxe4 11. Ne5 Nxe5 12. dxe5 Qg5 13. cxd5 Bxe5 14. Bxe5 Qxe5
15. dxe6 Bxe6 16. Qc2 Rad8 17. Rad1 Qg5 18. Bc4 Qe7 19. Bxe6+ Qxe6 20. Rxd8 Rxd8
21. Qxc7 Rd7 22. Qc8+ Kg7 23. h3 Kf7 24. Rc1 Qd6 25. Qc4+ Qe6 26. Qxe6+ Kxe6 27.
Kf1 h5 28. Ke2 b5 29. Rc6+ Rd6 30. Rxd6+ Kxd6 31. Kd2 Kc5 32. a3 a5 33. Kc3 b4+
34. axb4+ axb4+ 35. Kd2 h4 36. f3 Kd5 37. f4 Ke6 38. Ke2 Kf5 39. Kf2 Kf6 40. g3
hxg3+ 41. Kxg3 g5 42. Kg4 1-0

[Event "AUTO-ADV-671"]
[Site "http://www.queenalice.com/game.php?id=282146"]
[Date "2007.10.6"]
[Round "1"]
[White "uri65"]
[Black "Ken2006"]
[Result "1-0"]
[WhiteElo "1834"]
[BlackElo "1840"]

1. e4 b6 2. d4 Bb7 3. Nc3 e6 4. Nf3 Bb4 5. Be2 Bxc3+ 6. bxc3 Bxe4 7. O-O Nf6 8.
Ba3 h6 9. Re1 Bb7 10. Ne5 d6 11. Nf3 O-O 12. Bb5 Ne4 13. c4 Nc3 14. Qd3 a6 15.
Qxc3 Bxf3 16. Qxf3 Ra7 17. Ba4 Nd7 18. Bxd7 Qxd7 19. d5 e5 20. Re2 b5 21. c5
Raa8 22. c6 Qe7 23. Rae1 f5 24. Rxe5 Qf6 25. Re7 Rf7 26. Re8+ Rxe8 27. Rxe8+ Rf8
28. Rxf8+ Qxf8 29. Qe2 Qf6 30. Qe6+ Qxe6 31. dxe6 Kf8 32. Bxd6+ Ke8 33. Bxc7 Ke7
34. Bb6 Kxe6 35. c7 Kd7 36. f4 g6 37. Kf2 Kc8 38. Ke3 b4 39. Kd4 Kd7 40. Kd5 g5
41. fxg5 hxg5 42. Ke5 f4 43. Kf5 1-0

[Event "AUTO-ADV-671"]
[Site "http://www.queenalice.com/game.php?id=282147"]
[Date "2007.10.6"]
[Round "1"]
[White "Ken2006"]
[Black "Pedro_tdi"]
[Result "0-1"]
[WhiteElo "1824"]
[BlackElo "1906"]

1. d4 d5 2. Nf3 Nf6 3. e3 Nc6 4. Bb5 Bd7 5. O-O g6 6. b3 Bg7 7. Bb2 O-O 8. Nbd2
a6 9. Bxc6 Bxc6 10. c4 e6 11. Ne5 Nd7 12. Nxc6 bxc6 13. c5 e5 14. Rc1 exd4 15.
Bxd4 Re8 16. Bxg7 Kxg7 17. Nf3 Qe7 18. b4 Rab8 19. a3 a5 20. Rb1 axb4 21. axb4
Qe4 22. Qd4+ Nf6 23. h3 Rb7 24. Rb2 Ra8 25. Ne5 Kg8 26. Rd1 Ra6 27. Nf3 Qe7 28.
Qh4 Ra4 29. Rd4 Kg7 30. Qg5 h6 31. Qe5 Qxe5 32. Nxe5 Ra6 33. h4 Ne4 34. Rc2 h5
35. g3 Kf6 36. Nf3 Ra4 37. Nd2 Nxd2 38. Rcxd2 Rbxb4 39. Rxb4 Rxb4 40. Ra2 Ke7
41. Rc2 Ke6 42. Ra2 Rc4 43. Ra5 Rb4 44. Kg2 Rb5 45. Ra8 Rxc5 46. Re8+ Kd7 47.
Rf8 Ke7 48. Rc8 Kd7 49. Rf8 Ke6 50. Rc8 Rc2 51. Rxc7 c5 52. Rc6+ Ke7 53. Rc7+
Kf6 54. Kf3 c4 55. Rc5 Rd2 56. e4 Ke5 57. exd5 Rd3+ 58. Ke2 Rd4 59. f3 Kd6 60.
Rc8 Kxd5 61. Rc7 Ke6 62. Ke3 Rd3+ 63. Ke2 Rc3 64. Kd2 Rxf3 65. Rxc4 Rxg3 66. Ke2
Rg4 67. Rxg4 hxg4 68. Kf2 f5 69. Kg3 Ke5 0-1

[Event "AUTO-ADV-671"]
[Site "http://www.queenalice.com/game.php?id=282148"]
[Date "2007.10.6"]
[Round "1"]
[White "Pedro_tdi"]
[Black "Ken2006"]
[Result "0-1"]
[WhiteElo "1766"]
[BlackElo "1796"]

1. e4 b6 2. Nf3 Bb7 3. Nc3 e6 4. d4 Bb4 5. Bd3 Ne7 6. O-O Bxc3 7. bxc3 d6 8. Ba3
h6 9. Nd2 Nd7 10. f4 O-O 11. f5 exf5 12. exf5 Nf6 13. Re1 Ned5 14. Bb2 Nf4 15.
Nf3 Re8 16. Qd2 Bxf3 17. Qxf4 Bb7 18. Re3 Rxe3 19. Qxe3 a5 20. Re1 Qd7 21. c4
Re8 22. Qg3 Rxe1+ 23. Qxe1 Kf8 24. d5 Qe7 25. Qxe7+ Kxe7 26. Kf2 c6 27. Bxf6+
Kxf6 28. Be4 c5 29. h4 Ba6 30. Bd3 g6 31. g4 gxf5 32. Ke3 fxg4 33. Kf4 h5 34. a4
Bc8 35. Be4 Kg7 36. Bd3 Bd7 37. Kg5 Bxa4 38. Kxh5 g3 39. Bf1 Bxc2 0-1

[Event "AUTO-ADV-671"]
[Site "http://www.queenalice.com/game.php?id=282149"]
[Date "2007.10.6"]
[Round "1"]
[White "Ken2006"]
[Black "altair"]
[Result "0-1"]
[WhiteElo "1811"]
[BlackElo "1733"]

1. d4 d5 2. e3 e6 3. Be2 Nf6 4. Nf3 h6 5. O-O Nc6 6. Bb5 Bd7 7. Bxc6 Bxc6 8. b3
Bd6 9. h3 O-O 10. Bb2 Ne4 11. Nbd2 Bb5 12. Re1 c6 13. Nxe4 dxe4 14. Nd2 f5 15.
c4 Ba6 16. Qh5 Bc7 17. f3 Qd6 18. f4 b5 19. a4 bxc4 20. Ba3 Qd7 21. Bxf8 Rxf8
22. bxc4 c5 23. Red1 cxd4 24. Nf1 d3 25. Nd2 e5 26. g3 exf4 27. gxf4 Rf6 28. Kf2
Bb6 29. Re1 Qc7 30. Rg1 Qxf4+ 31. Kg2 Qxe3 32. Qe8+ Kh7 33. Qd7 Rg6+ 34. Kh1
Rxg1+ 35. Rxg1 Qxg1# 0-1

[Event "AUTO-ADV-671"]
[Site "http://www.queenalice.com/game.php?id=282150"]
[Date "2007.10.6"]
[Round "1"]
[White "altair"]
[Black "Ken2006"]
[Result "0-1"]
[WhiteElo "1708"]
[BlackElo "1829"]

1. e4 b6 2. d4 Bb7 3. d5 g6 4. Nc3 Bg7 5. Bd2 e6 6. Bb5 c6 7. dxc6 Bxc6 8. Bxc6
Nxc6 9. Nf3 Nge7 10. Bg5 h6 11. Bf4 O-O 12. Qd2 Kh7 13. O-O d5 14. Rad1 dxe4 15.
Nxe4 Qxd2 16. Rxd2 Rad8 17. c3 Rxd2 18. Nfxd2 Be5 19. Nf6+ Kg7 20. Bxe5 Nxe5 21.
Nde4 Rd8 22. f3 Ng8 23. Nxg8 Kxg8 24. Re1 Kg7 25. b4 a5 26. Kf2 Nd3+ 27. Ke2
axb4 28. Rd1 Nf4+ 29. Ke1 Nxg2+ 30. Ke2 Rxd1 31. Kxd1 bxc3 32. Nxc3 Kf6 33. a4
g5 34. Ne4+ Ke5 35. Ke2 Nf4+ 36. Ke3 f5 37. Nd2 Nd5+ 38. Kd3 g4 39. fxg4 fxg4
40. Nc4+ Kf4 41. Ke2 g3 42. h3 e5 43. Nd2 Ne3 44. Nf3 e4 45. Ng1 h5 46. Ke1 h4
47. Ke2 Nc4 48. Kf1 Nb2 49. Ne2+ Ke3 50. Nc3 Kf3 51. Ne2 Nxa4 52. Nd4+ Kf4 53.
Ke2 Nc3+ 54. Kd2 Nd5 55. Ke2 Nc7 56. Nc6 b5 57. Nd8 b4 58. Nc6 b3 59. Kd2 g2 60.
Nd4 b2 61. Kc2 b1=Q+ 62. Kxb1 g1=Q+ 63. Kc2 Qxd4 0-1

[Event "AUTO-OPEN-274"]
[Site "http://www.queenalice.com/game.php?id=287341"]
[Date "2007.10.16"]
[Round "3"]
[White "Ken2006"]
[Black "fab_scott"]
[Result "1-0"]
[WhiteElo "1776"]
[BlackElo "1879"]

1. d4 d5 2. e3 Nf6 3. Be2 e6 4. Nf3 c5 5. O-O Nc6 6. dxc5 Bxc5 7. Bb5 Bd7 8. b3
O-O 9. Bb2 a6 10. Bxc6 Bxc6 11. Nbd2 Re8 12. Ne5 h6 13. Nxc6 bxc6 14. Nf3 Bd6
15. h3 Qc7 16. Bxf6 gxf6 17. Qe2 Kf8 18. c4 Ke7 19. cxd5 c5 20. Rfd1 e5 21. Nh4
Qd7 22. e4 Rg8 23. Nf5+ Kf8 24. Qh5 Rh8 25. Rd3 Ke8 26. Ng7+ Kd8 27. Rg3 Kc7 28.
Nf5 a5 29. Rc1 Rh7 30. Rgc3 Rg8 31. Nxd6 Kxd6 32. Qh4 Rg6 33. Rxc5 Qb7 34. Rc6+
Kd7 35. Rxf6 Rxf6 36. Qxf6 1-0

[Event "AUTO-OPEN-274"]
[Site "http://www.queenalice.com/game.php?id=287342"]
[Date "2007.10.16"]
[Round "3"]
[White "fab_scott"]
[Black "Ken2006"]
[Result "0-1"]
[WhiteElo "1859"]
[BlackElo "1792"]

1. d4 b6 2. e4 Bb7 3. Nd2 e6 4. Bd3 g6 5. Ngf3 Bg7 6. b3 c5 7. Bb2 Ne7 8. c3
cxd4 9. cxd4 O-O 10. O-O d6 11. Re1 Nd7 12. Rb1 Rc8 13. Qe2 h6 14. d5 e5 15. b4
g5 16. h3 f5 17. exf5 Bxd5 18. Bc4 Rxf5 19. Bxd5+ Nxd5 20. Qe4 Ne7 21. Rbc1 Rf4
22. Qd3 Rxc1 23. Bxc1 Nf6 24. Ne4 Rxe4 25. Rxe4 Nxe4 26. Qxe4 Qc7 27. Be3 Qc6
28. Qg4 Qc8 29. Qxc8+ Nxc8 30. Nd2 d5 31. f3 Nd6 32. a4 Nc4 33. Kf2 Nxd2 34.
Bxd2 Kf7 35. g4 Ke6 36. Ke3 Bf6 37. Kf2 e4 38. fxe4 dxe4 39. Ke3 Kd5 40. a5 Bd4+
41. Ke2 Kc4 42. h4 gxh4 43. Bxh6 Kxb4 44. axb6 axb6 45. Be3 Bxe3 46. Kxe3 h3 0-1